শেরে বাংলা এ কে ফজলুল হক (Record no. 18002)
[ view plain ]
| 000 -LEADER | |
|---|---|
| fixed length control field | 00699nam a22001937a 4500 |
| 003 - CONTROL NUMBER IDENTIFIER | |
| control field | BD-DhSAU |
| 005 - DATE AND TIME OF LATEST TRANSACTION | |
| control field | 20250826103744.0 |
| 008 - FIXED-LENGTH DATA ELEMENTS--GENERAL INFORMATION | |
| fixed length control field | 250826b |||||||| |||| 00| 0 eng d |
| 020 ## - INTERNATIONAL STANDARD BOOK NUMBER | |
| Terms of availability | 9789843375551 |
| 040 ## - CATALOGING SOURCE | |
| Original cataloging agency | BD-DhSAU |
| 082 ## - DEWEY DECIMAL CLASSIFICATION NUMBER | |
| Edition number | 22 |
| Classification number | 923.2 Ah52 |
| 100 ## - MAIN ENTRY--PERSONAL NAME | |
| Personal name | আহমেদ, সিরাজ উদদীন |
| 245 ## - TITLE STATEMENT | |
| Title | শেরে বাংলা এ কে ফজলুল হক |
| Statement of responsibility, etc. | সিরাজ উদদীন আহমেদ |
| 260 ## - PUBLICATION, DISTRIBUTION, ETC. (IMPRINT) | |
| Place of publication, distribution, etc. | ঢাকাঃ |
| Name of publisher, distributor, etc. | ভাস্কর প্রকাশনী; |
| Date of publication, distribution, etc. | ১৯৮৮ |
| 300 ## - PHYSICAL DESCRIPTION | |
| Extent | 352 p. : |
| Other physical details | ill. ; |
| Dimensions | 22 cm. |
| 590 ## - Name of Cataloguer | |
| Name of Cataloger | roy |
| 650 ## - SUBJECT ADDED ENTRY--TOPICAL TERM | |
| Topical term or geographic name as entry element | শেরে বাংলা এ কে ফজলুল হক |
| 942 ## - ADDED ENTRY ELEMENTS (KOHA) | |
| Source of classification or shelving scheme | Dewey Decimal Classification |
| Koha item type | Book |
| Withdrawn status | Lost status | Source of classification or shelving scheme | Damaged status | Not for loan | Collection code | Home library | Branch Name | Shelving location | Date acquired | Total Checkouts | Full call number | Barcode | Date last seen | Price effective from | Koha item type | Cost, normal purchase price |
|---|---|---|---|---|---|---|---|---|---|---|---|---|---|---|---|---|
| Dewey Decimal Classification | Not For Loan | Reference | SAU Library | SAU Library | General Stacks | 19/08/2025 | 923.2 Ah52 | 45780 | 26/08/2025 | 26/08/2025 | Book | |||||
| Dewey Decimal Classification | SAU Library | SAU Library | General Stacks | 19/08/2025 | 923.2 Ah52 | 45781 | 26/08/2025 | 26/08/2025 | Book | |||||||
| Dewey Decimal Classification | SAU Library | SAU Library | General Stacks | 19/08/2025 | 923.2 Ah52 | 45782 | 26/08/2025 | 26/08/2025 | Book | |||||||
| Dewey Decimal Classification | SAU Library | SAU Library | General Stacks | 19/08/2025 | 923.2 Ah52 | 45783 | 26/08/2025 | 26/08/2025 | Book | |||||||
| Dewey Decimal Classification | SAU Library | SAU Library | General Stacks | 19/08/2025 | 923.2 Ah52 | 45784 | 26/08/2025 | 26/08/2025 | Book | 500.00 | ||||||
| Dewey Decimal Classification | SAU Library | SAU Library | General Stacks | 19/08/2025 | 923.2 Ah52 | 45785 | 26/08/2025 | 26/08/2025 | Book | 500.00 | ||||||
| Dewey Decimal Classification | SAU Library | SAU Library | General Stacks | 19/08/2025 | 923.2 Ah52 | 45786 | 26/08/2025 | 26/08/2025 | Book | 500.00 | ||||||
| Dewey Decimal Classification | SAU Library | SAU Library | General Stacks | 19/08/2025 | 923.2 Ah52 | 45787 | 26/08/2025 | 26/08/2025 | Book | 500.00 | ||||||
| Dewey Decimal Classification | SAU Library | SAU Library | General Stacks | 19/08/2025 | 923.2 Ah52 | 45788 | 26/08/2025 | 26/08/2025 | Book | 500.00 | ||||||
| Dewey Decimal Classification | SAU Library | SAU Library | General Stacks | 19/08/2025 | 923.2 Ah52 | 45789 | 26/08/2025 | 26/08/2025 | Book | 500.00 |
